Komunikačné zručnosti - pilier kompetencií hovorcu v rámci PR
Kompetencie hovorcu. Verbálny a neverbálny prejav hovorcu.
Uložené v:
| Hlavný autor: | |
|---|---|
| Médium: | Kapitola |
| Jazyk: | Slovak |
| Predmet: | |
| Tagy: |
Žiadne tagy, Buďte prvý, kto otaguje tento záznam!
|
MARC
| LEADER | 00000naa a2200000 4500 | ||
|---|---|---|---|
| 001 | 0211739 | ||
| 005 | 20220726120955.1 | ||
| 041 | 0 | |a slo | |
| 044 | |a SK | ||
| 245 | 1 | 0 | |a Komunikačné zručnosti - pilier kompetencií hovorcu v rámci PR |c Eva Chudinová |
| 520 | |a Kompetencie hovorcu. Verbálny a neverbálny prejav hovorcu. | ||
| 610 | 2 | 0 | |a zručnosti |
| 610 | 2 | 0 | |a médiá |
| 610 | 2 | 0 | |a komunikácia verbálna |
| 610 | 2 | 0 | |a komunikácia neverbálna |
| 610 | 2 | 0 | |a kompetencie komunikačné |
| 100 | 1 | |a Chudinová, Eva | |